Español y su enseñanza I y II : (Record no. 204929)
[ view plain ]
| 000 -CABECERA | |
|---|---|
| campo de control de longitud fija | 00936nam a2200229 u 4500 |
| 005 - FECHA Y HORA DE LA ÚLTIMA TRANSACCIÓN | |
| campo de control | 20240315063656.0 |
| 008 - ELEMENTOS DE LONGITUD FIJA--INFORMACIÓN GENERAL | |
| campo de control de longitud fija | 190912s2002 r 000 0 eng d |
| 020 ## - NÚMERO INTERNACIONAL NORMALIZADO PARA LIBROS | |
| Número Internacional Estándar del Libro | 9701863380 |
| 035 ## - NÚMERO DE CONTROL DEL SISTEMA | |
| Número de control de sistema | UPN01000232834 |
| 049 ## - COLECCIÓN | |
| Colección | LTG |
| 050 #4 - SIGNATURA TOPOGRÁFICA DE LA BIBLIOTECA DEL CONGRESO | |
| Número de clasificación | LB2002 A1 |
| Número de documento/Ítem | E8.63 |
| 245 00 - MENCIÓN DE TÍTULO | |
| Título | Español y su enseñanza I y II : |
| Resto del título | programas y materiales de apoyo para el estudio : licenciatura en educación primaria : segundo y tercer semestres / |
| Mención de responsabilidad, etc. | coord. Esteban Manteca Aguirre. |
| 260 ## - PUBLICACIÓN, DISTRIBUCIÓN, ETC. | |
| Lugar de publicación, distribución, etc. | México : |
| Nombre del editor, distribuidor, etc. | SEP, |
| Fecha de publicación, distribución, etc. | 2002. |
| 300 ## - DESCRIPCIÓN FÍSICA | |
| Extensión | 190 p. : |
| Otras características físicas | il. |
| 440 #0 - MENCIÓN DE SERIE/ASIENTO SECUNDARIO--TÍTULO | |
| Título | Programa para la Transformación y el Fortalecimiento Académicos de las Escuelas Normales |
| 650 #4 - ASIENTO SECUNDARIO DE MATERIA - TERMINO TEMATICO | |
| Término de materia o nombre geográfico como elemento de entrada | Educación normal |
| Subdivisión geográfica | México |
| Subdivisión de forma | Planes y programas |
| 9 (RLIN) | 12330 |
| 650 #4 - ASIENTO SECUNDARIO DE MATERIA - TERMINO TEMATICO | |
| Término de materia o nombre geográfico como elemento de entrada | Español |
| Subdivisión general | Estudio y enseñanza |
| 9 (RLIN) | 7357 |
| 700 1# - ASIENTO SECUNDARIO--NOMBRE DE PERSONAL | |
| Nombre de persona | Manteca Aguirre, Esteban, |
| Término indicativo de función/relación | coord. |
| 9 (RLIN) | 32675 |
| 710 1# - ASIENTO SECUNDARIO - NOMBRE CORPORATIVO | |
| Nombre de entidad corporativa o nombre de jurisdicción como elemento de entrada | México. |
| Unidad subordinada | Subsecretaría de Educación Básica y Normal |
| 9 (RLIN) | 27954 |
| 905 ## - TIPO DE MATERIAL | |
| Tipo de material | Libro |
| Estado de retiro | Estado de pérdida | Fuente del sistema de clasificación o colocación | Estado dañado | No para préstamo | Código de colección | Localización permanente | Ubicación/localización actual | Ubicación en estantería | Fecha de adquisición | Clasificación | Código de barras | Fecha visto por última vez | Número de copia | Tipo de ítem Koha |
|---|---|---|---|---|---|---|---|---|---|---|---|---|---|---|
| Library of Congress Classification | Disponible (Préstamo en sala) | Libros de texto gratuitos | Bib. Gregorio Torres Quintero | Bib. Gregorio Torres Quintero | Colecciones especiales Planta alta | 03/05/2023 | LB2002 A1 E8.63 | 328900 | 31/12/2020 | 1 | Libro |
